000
00259nam a2200097 a 4500
005
20200930070702.0
008
110919s1787 000 spa d
245
0
_a
Mémoires philosophiques, historiques, physiques.
260
_a
París,
_c
1787.
999
_c
33485
_d
33485
040
_a
DO-SdBNP